Biblioteca y Centro de Documentación

La aportación del profesor José Vida Soria al ordenamiento español de la Seguridad Social (Registro nro. 42732)

Detalles MARC
000 -CABECERA
Longitud fija campo de control 00994naa a2200265 c 4500
001 - NÚMERO DE CONTROL
Número de control 42732
003 - IDENTIFICADOR DE NÚMERO DE CONTROL
Identificador del número de control ES-MaCES
005 - FECHA Y HORA DE LA ÚLTIMA TRANSACCIÓN
Fecha y hora de la última transacción 20140923144328.0
008 - CAMPO FIJO DE DESCRIPCIÓN FIJA--INFORMACIÓN GENERAL
Códigos de información de longitud fija   120507n2009 sp t 0|0 | spa d
035 ## - NÚMERO DE CONTROL DEL SISTEMA
Número de control del sistema CES20120003429v
040 ## - FUENTE DE CATALOGACIÓN
Centro catalogador de origen ES-MaCES
Lengua de catalogación spa
Centro transcriptor ES-MaCES
100 1# - ENCABEZAMIENTO PRINCIPAL--NOMBRE PERSONAL
Nombre de persona Villa Gil, Luis Enrique de la
9 (RLIN) 25895
245 13 - MENCIÓN DE TÍTULO
Título La aportación del profesor José Vida Soria al ordenamiento español de la Seguridad Social
Mención de responsabilidad, etc. Luis Enrique de la Villa Gil
600 14 - ASIENTO SECUNDARIO DE MATERIA--NOMBRE PERSONAL
Nombre de persona Vida Soria, José
9 (RLIN) 25836
650 #4 - ASIENTO SECUNDARIO DE MATERIA--TÉRMINO DE MATERIA
Término de materia o nombre geográfico como elemento inicial España
9 (RLIN) 26964
650 #4 - ASIENTO SECUNDARIO DE MATERIA--TÉRMINO DE MATERIA
Término de materia o nombre geográfico como elemento inicial reforma de la seguridad social
9 (RLIN) 30668
650 #4 - ASIENTO SECUNDARIO DE MATERIA--TÉRMINO DE MATERIA
Término de materia o nombre geográfico como elemento inicial asistencia social
9 (RLIN) 29003
650 #4 - ASIENTO SECUNDARIO DE MATERIA--TÉRMINO DE MATERIA
Término de materia o nombre geográfico como elemento inicial legislación de seguridad social
9 (RLIN) 29855
650 #4 - ASIENTO SECUNDARIO DE MATERIA--TÉRMINO DE MATERIA
Término de materia o nombre geográfico como elemento inicial seguridad social
9 (RLIN) 27034
653 10 - TÉRMINO DE INDEXACIÓN--NO CONTROLADO
Término no controlado Seguridad Social
773 0# - ENTRADA DE DOCUMENTO FUENTE
Título La Seguridad Social a la luz de sus reformas pasadas, presentes y futuras
Parte(s) relacionada(s) p. 3-42 SR.- 6.0.1. - 54
Número de control del registro relacionado (ES-MaCES)21026
902 ## - CES. TIPO DE DOCUMENTO
Tipodoc (006$c Sirtex) ARL Artículo de libro
942 ## - ELEMENTOS KOHA
Fuente de clasificaión o esquema Clasificación propia del CES
Koha [por defecto] tipo de item Artículos (1982-2017)
Parte de clasificación Seguridad social

No hay ítems disponibles.

© CES, Consejo Económico y Social de España 2021